Billie Eilish - Chansons commençant par B - Statistiques

Statistiques générales
  • Ce quiz a été pris 73 fois
  • Le résultat moyen est 6 sur 9
Statistiques - réponses
B % Correct
bad guy
76%
bellyache
76%
Billie Bossa Nova
75%
BITTERSUITE
75%
BIRDS OF A FEATHER
73%
BLUE
71%
bury a friend
62%
Bored
53%
bitches broken hearts
47%
Aucun quiz correspondant
Distribution des résultats
% des personnes avec chaque résultat
Percentile par nombre de réponses
Votre historique - résultats
Vous n’avez pas pris ce quiz